000 01065nas a2200361 4500
001 BR2011008279
003 BR-BrBNA
005 20231205115858.0
007 ta
008 230509b bl.|||p| |||| 00| 00por d
040 _aBR-BrBNA
_bpor
_cBiblioteca Nacional de Agricultura
041 _a(Pt)
072 _aL70
100 1 _aRibeiro, S.N.
100 1 _aFerreira, G. dos S.
100 1 _aVale, D.F.
100 1 _aBustamante, S.R.B.
100 1 _aLuz, M.J.
100 1 _aBaiotto, G.C.
100 1 _aRamos, R.M.
100 1 _aOliveira, A.L. de A.
245 1 _aPneumoperitônio - Revisão de literatura
246 1 _aPneumoperitoneum - Literature review
650 _aCÃO
650 _aLAPAROSCOPIA
650 _aGÁS
650 _aVETERINÁRIA
650 _a
650 _a
773 0 _tMEDVEP. Revista Científica de Medicina Veterinária. Pequenos Animais e Animais de Estimação (Brazil)
_xISSN 1678-1430
_g(Oct-Dec 2010), v. 8(27) p. 685-690
_wBR2011008279
909 _a202311
_bLúcia
_c55
_dLúcia Elande
942 _2AGRIS
_n0
_cANA
999 _c216133
_d216133